The nature of matter : (Record no. 3920)

MARC details
000 -LEADER
fixed length control field 01223nac a22002531i 4500
003 - CONTROL NUMBER IDENTIFIER
control field EG-ScBUE
005 - DATE AND TIME OF LATEST TRANSACTION
control field 20250126101414.0
008 - FIXED-LENGTH DATA ELEMENTS--GENERAL INFORMATION
fixed length control field 250126s1981 enka f b 001 0 eng d
020 ## - INTERNATIONAL STANDARD BOOK NUMBER
International Standard Book Number 0198511515
040 ## - CATALOGING SOURCE
Original cataloging agency EG-ScBUE
Language of cataloging eng
Description conventions rda
Transcribing agency EG-ScBUE
Modifying agency EG-ScBUE
082 04 - DEWEY DECIMAL CLASSIFICATION NUMBER
Classification number 530
Item number NAT
Edition number 22
245 04 - TITLE STATEMENT
Title The nature of matter :
Remainder of title Wolfson College lectures 1980 /
Statement of responsibility, etc edited by J. H. Mulvey.
264 #1 - PUBLICATION, DISTRIBUTION, ETC. (IMPRINT)
Place of publication, distribution, etc Oxford :
Name of publisher, distributor, etc Clarendon Press Oxford,
Date of publication, distribution, etc 1981.
300 ## - PHYSICAL DESCRIPTION
Extent xiii, 202 pages :
Other physical details illustrations ;
Dimensions 25 cm
336 ## - CONTENT TYPE
Source rdacontent
Content type term text
Content type code txt
337 ## - MEDIA TYPE
Media type term unmediated
Source rdamedia
Media type code n
338 ## - CARRIER TYPE
Carrier type term volume
Carrier type code nc
Source rdacarrier
504 ## - BIBLIOGRAPHY, ETC. NOTE
Bibliography, etc Includes bibliographical references and index.<br/>
505 0# - FORMATTED CONTENTS NOTE
Formatted contents note Introduction -- The organization of the universe / by Denis Wilkinson -- Particles and forces / by Rudolf Peierls -- Manifest and hidden symmetries / by C.H. Llewellyn Smith -- Inside the proton / by D.H. Perkins -- Unification of the forces / by Abdus Salam -- The very large and the very small / by John Ellis -- The tools of particle physics / by J.B. Adams -- Questions for the future / by Murray Gell-Mann.
650 #7 - SUBJECT ADDED ENTRY--TOPICAL TERM
Topical term or geographic name as entry element Matter.
Source of heading or term BUEsh
655 ## - INDEX TERM--GENRE/FORM
Form subdivision Reading book
700 1# - ADDED ENTRY--PERSONAL NAME
Personal name Mulvey, J. H.
Fuller form of name (John H.)
Relator term editor.
942 ## - ADDED ENTRY ELEMENTS (KOHA)
Koha item type Book - Borrowing
Source of classification or shelving scheme Dewey Decimal Classification
Holdings
Withdrawn status Lost status Damaged status Not for loan Home library Current library Shelving location Date acquired Source of acquisition Total Checkouts Total Renewals Full call number Barcode Date last seen Date checked out Price effective from Koha item type
        Central Library Central Library First floor 06/08/2007 Purchase 2 4 530 NAT 000005068 15/07/2025 11/01/2023 06/08/2007 Book - Borrowing